000 00346 a2200169 4500
001 58332
020 _a9788516039660
040 _cAnchieta - Pituba
100 _aAlencar, José de
240 1 0 _aLucíola
_lpor
245 1 0 _aLucíola
300 _a120
362 0 _a2004
440 1 _aModerna
650 4 _aFicção brasileira
942 _cBK
999 _c58332
_d58332